Luther oder Hitler - Statistiken

Allgemein
  • Dieses Quiz wurde 1.130 mal gespielt
  • Das Durchschnittsergebnis liegt bei 5 aus 10
Antwortstatistiken
Frage Antwort % Korrekt
"Man soll ihren Rabbinern bei Leib und Leben verbieten, weiterhin zu lehren." Luther
79%
"Gewissen ist eine jüdische Erfindung. Es ist wie die Beschneidung, eine Verstümmelung des menschlichen Wesens." Hitler
74%
"Das Weib ist geschaffen zur Haushaltung, der Mann aber zur Policey, zu weltlichem Regiment, zu Kriegen und Gerichtshändeln, die zu verwalten und zu führen." Luther
49%
"Weibern mangelt es an Stärke und Kräften des Leibes und Verstandes." Luther
43%
"So glaube ich heute im Sinne des allmächtigen Schöpfers zu handeln: Indem ich mich des Juden erwehre, kämpfe ich für das Werk des Herrn" Hitler
41%
"Man soll den jungen und starken Juden Werkzeug geben und sie ihr Brot verdienen lassen. Man müsste sie zur Not zur Arbeit prügeln." Luther
41%
"Die Frau soll dafür sorgen, dass ihr Mann gern nach Hause kommt, und er soll dafür sorgen, dass sie ihn nur ungern wieder gehen lässt." Luther
37%
„Vergleichen Sie sich nicht mit anderen. Wenn Sie dies tun, beleidigen Sie sich.“ Hitler
35%
"Man soll den Juden das freie Geleit auf den Straßen verbieten, denn sie haben nichts im Land zu suchen." Luther
29%
„Sehr intelligente Menschen sollten sich eine primitive und dumme Frau nehmen. In meiner freien Zeit will ich meine Ruhe haben.“ Hitler
27%
Keine übereinstimmenden Quizze gefunden
Verteilung der Resultate
Anzahl Personen mit jedem Resultat
Perzentil nach korrekt beantworteten Fragen
Ihre Resultats-Entwicklung
Sie haben dieses Quiz noch nicht gespielt